<?xml version="1.0" encoding="UTF-8"?>
<marc:record xmlns:marc="http://www.loc.gov/MARC21/slim">
   <marc:leader>00000nam a2200000 a 4500</marc:leader>
   <marc:datafield ind1="1" ind2=" " tag="100">
      <marc:subfield code="a">George, Elizabeth</marc:subfield>
      <marc:subfield code="4">aut</marc:subfield>
      <marc:subfield code="e">Verfasser/-in</marc:subfield>
   </marc:datafield>
   <marc:datafield ind1="0" ind2="0" tag="245">
      <marc:subfield code="a">Was im Verborgenen ruht</marc:subfield>
   </marc:datafield>
   <marc:datafield ind1="0" ind2="0" tag="245">
      <marc:subfield code="b">Ein Inspector-Lynley-Roman</marc:subfield>
   </marc:datafield>
   <marc:datafield ind1="0" ind2="0" tag="245">
      <marc:subfield code="c">George, Elizabeth</marc:subfield>
   </marc:datafield>
   <marc:datafield ind1=" " ind2="1" tag="264">
      <marc:subfield code="a">München</marc:subfield>
      <marc:subfield code="b">Goldmann</marc:subfield>
      <marc:subfield code="c">2023</marc:subfield>
   </marc:datafield>
   <marc:datafield ind1="1" ind2=" " tag="490">
      <marc:subfield code="a">Ein Inspector-Lynley-Roman</marc:subfield>
      <marc:subfield code="v">21</marc:subfield>
   </marc:datafield>
   <marc:datafield ind1="1" ind2=" " tag="520">
      <marc:subfield code="a">Als die Polizistin Teo Bontempi nach einer schweren Verletzung nicht mehr aus dem Koma erwacht, weist alles auf einen Mordanschlag hin. Weil Teo zuletzt vor allem in der nigerianischen Gemeinde Nord-Londons ermittelte, beginnt Detective Superintendent Thomas Lynley auch genau dort mit der Suche nach dem Täter. Zusammen mit DS Barbara Havers taucht er in eine Welt ein, die nichts mit dem privilegierten britisch-bürgerlichen Leben, wie es Lynley bisher kannte, gemein zu haben scheint. Eine Welt, in der Schweigen und Unverständnis mehr als sonst ihre Arbeit behindern. Zumal auch Teo selbst nicht nur ein Geheimnis zu verbergen hatte ...</marc:subfield>
   </marc:datafield>
   <marc:datafield ind1=" " ind2=" " tag="020">
      <marc:subfield code="a">9783442494200</marc:subfield>
      <marc:subfield code="9">9783442494200</marc:subfield>
   </marc:datafield>
   <marc:datafield ind1=" " ind2=" " tag="020">
      <marc:subfield code="a">3442494206</marc:subfield>
      <marc:subfield code="9">3442494206</marc:subfield>
   </marc:datafield>
   <marc:datafield ind1=" " ind2=" " tag="041">
      <marc:subfield code="a">ger</marc:subfield>
   </marc:datafield>
   <marc:datafield ind1=" " ind2=" " tag="300">
      <marc:subfield code="a">800 Seiten</marc:subfield>
   </marc:datafield>
</marc:record>
